000 00602nam a2200193Ia 4500
003 LDD
008 181029s9999 xx 000 0 und d
020 _a415296528
_cP 80.00
040 _cLDD
100 _aO'Hara, Phillip Anthony
245 0 _aGrowth and development in the global political economy
_bsocial structures of acc
_cPhillip Anthony O'Hara
260 _aNew York
_bRoutledge
_c2006
300 _axxi, 250p.
365 _bP 80.00
901 _a3815
_b06-02-2007
902 _a1377
_b16-03-2007
_cF
_dBB
_e0
903 _aDiscount-10
_bReqst by : Madhu Bala(Dr. Mrs.)
942 _2ddc
_cBK
999 _c78612
_d78612